Statystyki dla Wielki Quiz gier 2

Kliknij tutaj aby rozwiązać quiz!

Ogólne statystyki

  • Ten quiz został rozwiązany 3 065 razy
  • Średni wynik to 5 z 10

Statystyki odpowiedzi

OpisGra% Poprawnych
Ulepszasz swoją drużynę piłkarską kupując oraz trenując zawodników. Robisz drafty oraz otwierasz paczki. Grasz mecze i próbujesz zbudować jak najlepszą drużynę. Nagrywa ją JcobFifa
95%
Jesteś kotem który bardzo lubi łowić ryby. Łowisz je oraz sprzedajesz by zdobyć lepsze wędki oraz ulepszenia. Nagrywał ją mandzio.Cat goes fishing
76%
Walczysz o top 1 serwera ulepszając postać oraz wykonując misję w karczmie. Kupujesz bronie oraz eliksiry i walczysz na arenie by być jeszcze lepszym. Ulepszaj gildię. Nagrywa ją Gimper.Shakes and Fidget
74%
Jesteś pracownikiem nocnym w pizzeri z zabawkami. Twoim zadaniem jest nie zginąć oraz przetrwać gdy te zabawki a raczej animatroniki próbują dostać się do twojego pomieszczenia. Nagrywał ją elevenFive Nights at Freddy's
71%
Jesteś pracownikiem na granicy arstocki. Sprawdzasz paszporty karty oraz inne papiery osób które próbują przekroczyć granicę. Starasz się nie wpuszczać złych ludzi którzy mogą zniszczyć twój kraj. Możesz współpracować z ezikiem. Nagrywał ją mandzio.Papers please
68%
Jesteś małym ludzikiem który gra w różne tryby gier. Gra jest podobna do minecrafta lecz różni się od niej wieloma rzeczami. W tej grze możesz robić wiele rzeczy. Nagrywał ją m.in gracek.Roblox
64%
Jeździsz samochodzikiem po różnych mapach próbując przejechać mapę w jak najszybszym czasie. Musisz zaliczyć wszystkie checkpointy by zaliczyć wyścig. Nagrywa ją hunter wraz z purpose.Trackmania
36%
Realia wojny jako zwykły człowiek. Masz do wyboru kilka postaci i starasz się nimi przetrwać. Za dnia ulepszasz swój dom oraz budujesz nowe rzeczy a nocą wybierasz lokację do której chcesz się udać by zebrać z niej rzeczy. Nagrywał ją RockThis war of mine
24%
Prawdziwe oraz wymyślone reala 2 wojny światowej. Jest wiele modyfikacji m.in modernday. Wybierasz kraj i próbujesz podbić świat sam lub z sojuszem. Nagrywa ją Kałach.Hearts of iron 4
19%
Coś typu igrzysk śmierci lecz każda z broni ma ,,tier'' im on wyższy tym broń lepsza. Wszyscy zaczynają w innym miejscu a z czasem dzięki gazu gracze muszą udać się do środka. Grał w nią na live sou shibo.The culling
4%

Rozkład punktacji

Percentyl według liczby udzielonych odpowiedzi

Procent ludzi z każdym wynikiem

Twoja historia wyników

Nie rozwiązałeś tego quizu